Normal view
MARC view
Entry Geographic Name
001 - CONTROL NUMBER
- control field: 1650
003 - CONTROL NUMBER IDENTIFIER
- control field: BD-DhCDI
005 - DATE AND TIME OF LATEST TRANSACTION
- control field: 20251112034515.0
008 - FIXED-LENGTH DATA ELEMENTS
- fixed length control field: 251112|| aca||aabn | a|a d
040 ## - CATALOGING SOURCE
- Original cataloging agency: BD-DhCDI
- Transcribing agency: BD-DhCDI
151 ## - HEADING--GEOGRAPHIC NAME
- Geographic name: Collected Works
670 ## - SOURCE DATA FOUND
- Source citation: Work cat.: (BD-DhCDI)903: আহমেদ, হুমায়ূন 1948-2012 লেখক 1649, হুমায়ূন আহমেদ রচনাবলী ৩ /, [২০১০]